| 000 | 00524nam a22001817a 4500 | ||
|---|---|---|---|
| 003 | CEME | ||
| 005 | 20210628201849.0 | ||
| 008 | 210208b xxu||||| |||| 00| 0 eng d | ||
| 020 | _a81-203-2440-4 | ||
| 040 | _c. | ||
| 082 | _a604.2 SID | ||
| 100 |
_aArshad N.Siddiquee ,Zahid A Khan ,Mukhtar Ahmed _957153 |
||
| 245 | _aEngineering drawing ,with a primer on autocad | ||
| 260 |
_aNEW DELHI _bPRENTICE HALL OF INDIA _c2004 |
||
| 300 | _aXII,312P | ||
| 650 |
_aENGINEERING DRAWING WITH AUTOCAD _928330 |
||
| 942 |
_cBK _2ddc |
||
| 999 |
_c567455 _d567455 |
||